Online katalóg knižníc regiónu Turca

Čo sú hviezdy? (Record no. 21433)

MARC details
000 -LEADER
fixed length control field 02046cam a2200529 4500
001 - CONTROL NUMBER
control field 21433
003 - CONTROL NUMBER IDENTIFIER
control field VRT
005 - DATE AND TIME OF LATEST TRANSACTION
control field 20260302105848.0
008 - FIXED-LENGTH DATA ELEMENTS--GENERAL INFORMATION
fixed length control field 181017s2018 xo a a 000 0 slo
015 ## - NATIONAL BIBLIOGRAPHY NUMBER
National bibliography number SNBA2019/06
020 ## - INTERNATIONAL STANDARD BOOK NUMBER
International Standard Book Number 9788056702710
Qualifying information (viazané)
039 #9 - LEVEL OF BIBLIOGRAPHIC CONTROL AND CODING DETAIL [OBSOLETE]
Level of rules in bibliographic description 202301131547
Level of effort used to assign nonsubject heading access points msnk18
Level of effort used to assign subject headings 202201201858
Level of effort used to assign classification AUTHORITY
Level of effort used to assign subject headings 202010061406
Level of effort used to assign classification msnk18
Level of effort used to assign subject headings 202002271544
Level of effort used to assign classification msnk134
040 ## - CATALOGING SOURCE
Original cataloging agency POKPOH
Language of cataloging slo
Transcribing agency POKPOH
Modifying agency SNK
Description conventions rda
041 1# - LANGUAGE CODE
Language code of text/sound track or separate title slo
Language code of original eng
044 ## - COUNTRY OF PUBLISHING/PRODUCING ENTITY CODE
MARC country code xo
ISO country code SK
072 #7 - SUBJECT CATEGORY CODE
Subject category code 523/524
Subject category code subdivision Slnečná sústava Hviezdy. Vesmír
Source konspekt
072 #7 - SUBJECT CATEGORY CODE
Subject category code 0/9-053.2
Subject category code subdivision Literatúra pre deti a mládež (náučná)
Source konspekt
080 ## - UNIVERSAL DECIMAL CLASSIFICATION NUMBER
Universal Decimal Classification number 524.3
Edition identifier 2011
080 ## - UNIVERSAL DECIMAL CLASSIFICATION NUMBER
Universal Decimal Classification number (0.053.2)
Edition identifier 2011
080 ## - UNIVERSAL DECIMAL CLASSIFICATION NUMBER
Universal Decimal Classification number (0.025.2)
Edition identifier 2011
100 1# - MAIN ENTRY--PERSONAL NAME
Personal name Álvarez, Marta,
Dates associated with a name 1976-
Relationship ill
240 10 - UNIFORM TITLE
Uniform title What are stars?
Language of a work Slovensky
245 10 - TITLE STATEMENT
Title Čo sú hviezdy?
Remainder of title úplne prvé otázky a odpovede
Statement of responsibility, etc. ilustrovala Marta Álvarez Miguéns ; napísala Katie Daynes ; z anglického vydania " What are stars?" ... preklad Jitka Madarásová
250 ## - EDITION STATEMENT
Edition statement Prvé slovenské vydanie
264 #1 - PRODUCTION, PUBLICATION, DISTRIBUTION, MANUFACTURE, AND COPYRIGHT NOTICE
Place of production, publication, distribution, manufacture Bratislava
Name of producer, publisher, distributor, manufacturer Svojtka & Co., s.r.o.
Date of production, publication, distribution, manufacture, or copyright notice 2018
300 ## - PHYSICAL DESCRIPTION
Extent 12 nečíslovaných strán
Other physical details farebné ilustrácie
Dimensions 20 cm
336 ## - CONTENT TYPE
Content type term text
Content type code txt
Source rdacontent
336 ## - CONTENT TYPE
Content type term statický obraz
Content type code sti
Source rdacontent
337 ## - MEDIA TYPE
Media type term bez média
Media type code n
Source rdamedia
338 ## - CARRIER TYPE
Carrier type term zväzok
Carrier type code nc
Source rdacarrier
490 1# - SERIES STATEMENT
Series statement Kuk pod okienko
500 ## - GENERAL NOTE
General note Kartónové listy s otváracími okienkami
650 07 - SUBJECT ADDED ENTRY--TOPICAL TERM
Topical term or geographic name entry element hviezdy
Source of heading or term SNKPH
650 07 - SUBJECT ADDED ENTRY--TOPICAL TERM
Topical term or geographic name entry element Stars
Source of heading or term SNKPHeng
655 #7 - INDEX TERM--GENRE/FORM
Genre/form data or focus term Picture books for children
Source of term SNKPHeng
655 #7 - INDEX TERM--GENRE/FORM
Genre/form data or focus term publikácie pre deti
Source of term SNKPH
655 #7 - INDEX TERM--GENRE/FORM
Genre/form data or focus term leporelá
Source of term SNKPH
655 #7 - INDEX TERM--GENRE/FORM
Genre/form data or focus term Publications for children
Source of term SNKPHeng
700 1# - ADDED ENTRY--PERSONAL NAME
Personal name Madarásová, Jitka
Relationship trl
700 1# - ADDED ENTRY--PERSONAL NAME
Personal name Daynes, Katie
Relationship aut
830 #0 - SERIES ADDED ENTRY--UNIFORM TITLE
Uniform title Kuk pod okienko
942 ## - ADDED ENTRY ELEMENTS (KOHA)
Source of classification or shelving scheme Dewey Decimal Classification
Koha item type Krásna literatúra pre deti
Suppress in OPAC No
949 ## - LOCAL PROCESSING INFORMATION (OCLC)
6 17A1165280
a snkOSD 10333
b snk2019/14740
o 987/2019
949 ## - LOCAL PROCESSING INFORMATION (OCLC)
6 17A1165281
a snkOSD 10333 D1
b snk2019/14741
o 987/2019
949 ## - LOCAL PROCESSING INFORMATION (OCLC)
6 270001000602022
a svkbbA 157437
b svkbbm 783412
Holdings
Stav vyradenia Strata Poškodenie Spôsob nadobudnutia Domovská knižnica Aktuálna knižnica Dátum nadobudnutia Total checkouts Total renewals Čiarový kód exemplára Date due Date last seen Date last checked out Typ exemplára
      Dar Obecná knižnica Turčianska Štiavnička Obecná knižnica Turčianska Štiavnička 02.03.2026 1 1 4738000122 17.05.2026 18.03.2026 18.03.2026 Krásna literatúra pre deti
Projekt je podporený Slovenskou asociáciou knižníc
Prevádzkuje Turčianska knižnica Martin 2026